| 000 | 01416cam a22001934a 4500 | ||
|---|---|---|---|
| 005 | 20250605163221.0 | ||
| 008 | 250528s ||||||||||||||||||||||||d | ||
| 035 | _a14691 | ||
| 020 | _a9603444308 | ||
| 040 |
_aGR-AtMCL _bgre _dGR-AtMCL _eAACR2 |
||
| 245 | 1 | _aΠεριβαλλοντική Ψυχολογία | |
| 260 |
_bΕλληνικά Γράμματα, _c1997 |
||
| 300 | _a322 | ||
| 520 | _aΣτο βιβλίο αυτό, επιχειρείται να παρουσιαστεί, έστω συνοπτικά, το εύρος που καλύπτει η αλληλεπίδραση ανθρώπου και φυσικού περιβάλλοντος. Πρόλογος, Η Φύση και η Ιστορία της Περιβαλλοντικής Ψυχολογίας, Η Περιβαλλοντική Αντίληψη και Αξιολόγηση, Το Περιβαλλοντικό Γιγνώσκειν, Η Έννοια του Χώρου και ο Προσωπικός Χώρος, Πυκνότητα, Αρχιτεκτονική και Συμπεριφορά, Χτιστό Περιβάλλον και Συμπεριφορά, Αστικό Περιβάλλον και Συμπεριφορά, Φυσικό Περιβάλλον και Συμπεριφορά, Βιβλιογραφία, Ευρετήριο Συγγραφέων. | ||
| 700 | 1 | _aΣυγκολλίτου Έφη | |
| 942 | _cBK | ||
| 999 |
_c312 _d312 |
||